| 000 | 00407nam a2200181Ia 4500 | ||
|---|---|---|---|
| 001 | 15751 | ||
| 005 | 20260306170219.0 | ||
| 008 | 260306t2011||||xx |||||||||||||| ||und|| | ||
| 041 | _aESP | ||
| 082 |
_a604.2 _bL62 |
||
| 100 |
_aLieu, Dennis K. _eAUT |
||
| 245 | 0 | _aDibujo para diseño de ingeniería | |
| 260 | _c2011 | ||
| 300 |
_a _c |
||
| 650 | _aGEN | ||
| 654 | _aCAU | ||
| 942 |
_cLIB _dJUS _fJUS _2ddc _n |
||
| 999 |
_c15751 _d15751 |
||